Thinkwell's physics I

Shranjeno v:
Bibliografske podrobnosti
Glavni avtor: Pollock, Stenven
Format: Knjiga
Jezik:Undetermined
Izdano: New York Thinkwell 2001
Teme:
Oznake: Označite
Brez oznak, prvi označite!
Thư viện lưu trữ: Trung tâm Học liệu Trường Đại học Cần Thơ
LEADER 00495nam a2200193Ia 4500
001 CTU_102367
008 210402s9999 xx 000 0 und d
020 |c 27.19 
082 |a 530 
082 |b P776/Dis.1 
100 |a Pollock, Stenven 
245 0 |a Thinkwell's physics I 
245 0 |c Stenven Pollock, Ephraim Fischbach 
260 |a New York 
260 |b Thinkwell 
260 |c 2001 
650 |a Physics 
904 |i M.Loan 
980 |a Trung tâm Học liệu Trường Đại học Cần Thơ